000 00534nam a2200193Ia 4500
005 20250923145257.0
008 008 250917s9999 xx 000 0 eng d
037 _aTextual
040 _aDSWL
_beng
_cDSWL
041 _aeng
_2eng
084 _aY:5:gx, N71
_qDSWL
245 0 _aIs There an Optimum Level of Population
_cEd. by S. Fred Singer
260 _aNew York
_bMcGraw Hill
_c1971
300 _axiv,426p.
365 _aUSD
_b12.5
925 _g12.5
942 _cTEXL
_hY:5:gx, N71
999 _c1449353
_d1449353